Stolice leżące najdalej na północy - Statystyki

Ogólne statystyki
  • Ten quiz został rozwiązany 20 257 razy
  • Średni wynik to 18 z 21
Statystyki odpowiedzi
° N Stolica % Poprawnych
55,76 Moskwa
97%
59,95 Oslo
97%
52,23 Warszawa
95%
60,17 Helsinki
93%
52,50 Berlin
92%
59,33 Sztokholm
92%
51,51 Londyn
89%
55,68 Kopenhaga
88%
64,13 Reykjavík
87%
56,95 Ryga
86%
54,68 Wilno
86%
48,86 Paryż
84%
59,44 Tallinn
84%
52,37 Amsterdam
83%
53,90 Mińsk
82%
50,85 Bruksela
81%
53,35 Dublin
80%
50,45 Kijów
79%
50,08 Praga
77%
49,61 Luksemburg
67%
51,17 Astana
46%
Nie znaleziono quizów pasujących do podanych kryteriów
Rozkład punktacji
Procent ludzi z każdym wynikiem
Percentyl według liczby udzielonych odpowiedzi
Twoja historia wyników
Nie rozwiązałeś tego quizu